| 000 | 00607nam a2200217Ia 4500 | ||
|---|---|---|---|
| 005 | 20250923144629.0 | ||
| 008 | 008 250917s9999 xx 000 0 eng d | ||
| 037 | _aTextual | ||
| 040 |
_aDSWL _beng _cDSWL |
||
| 041 |
_aeng _2eng |
||
| 084 |
_aX:8, J8 _qDSWL |
||
| 100 |
_aGinzberg, Eli _9826821 |
||
| 245 | 0 |
_aEffecting change in large organizations _cby Eli Ginzberg |
|
| 260 |
_aNew York _bColumbia University Press _c1958 |
||
| 300 | _axi,155p. | ||
| 365 |
_aUSD _b3.5 |
||
| 700 |
_aEwing W.Reilley _9826822 |
||
| 925 | _g3.5 | ||
| 942 |
_cTEXL _hX:8, J8 |
||
| 999 |
_c1441398 _d1441398 |
||